Quizzes
Events
Quiz Creation
Community
Videos
Private Events
Remove Ads
Sign In
Join for FREE
Feedback
Dark Mode
Quiz Categories
Sports
Geography
Music
Movies
Television
Just For Fun
Miscellaneous
History
Literature
Language
Science
Gaming
Entertainment
Religion
Holiday
For Kids
Quiz Lab
Recent
Popular Today
Quiz Kudos Today
Editor Picks
Curator Picks
Quizzes by...
Day
Popularity
Type
Ratings
Length
Year
Community
Subscriptions
Recent Discussions
Orange Saloon
Badges
Playlists
Quests
Create
Leaderboards
Showdown
Live 5
Trivia Bingo
Activity
Puzzle Library
Sporcle Events
Private Events
Virtual Trivia
Globe League
Become a Host
Pub Owners
SporcleCon
Opinionation
Our Games
Videos
Blog
Mobile Apps
Partnerships
Remove Ads and Go Orange
Feedback
Language
Vocabulary
Begins and Ends
Definition
Spanish
French
German
Italian
Chinese
Latin
Translation
Japanese
Language
Vocabulary
Begins and Ends
Definition
Spanish
French
German
Italian
Chinese
Latin
Translation
Japanese
Random Quiz
Search Sporcle
×
Quiz Lab
Quiz Lab
Language
Europe
Type in answers that appear in a list
Type in answers that appear in a list
Classic
Best Score? Go Orange.
Europe in Castilian/Spanish Stats
Can you name the countries of Europe given in Castilian/Spanish into English?
By
Sherry_t
5m
44 Questions
98 Plays
98 Plays
98 Plays
Comments
Comments
Give Quiz Kudos
Give Quiz Kudos
-
- Ratings
hide this ad
Forced Order
Answers have to be entered in order
Answers have to be entered in order
Replay
Link that replays current quiz
Next Quiz
Link to next quiz in quiz playlist
You Got
0%
They Got
Avg Score
90%
Avg Friend Score
Upgrade to see
Score Distribution
Jump to the score distribution portion of the page
Score
0/44
Timer
05:00
0
Plays Today
country in Castilian/Spanish
country in English
% Correct
Albania
Albania
95.9%
Andorra
Andorra
94.9%
Austria
Austria
94.9%
España
Spain
93.9%
Grecia
Greece
93.9%
Italia
Italy
93.9%
Belarus
Belarus
92.9%
Bélgica
Belgium
92.9%
Dinamarca
Denmark
92.9%
Estonia
Estonia
92.9%
Finlandia
Finland
92.9%
Francia
France
92.9%
Hungría
Hungary
92.9%
Irlanda
Ireland
92.9%
Bulgaria
Bulgaria
91.8%
Croacia
Croatia
91.8%
Liechtenstein
Liechtenstein
91.8%
Lituania
Lithuania
91.8%
Ciudad del Vaticano
Vatican City
90.8%
Alemania
Germany
89.8%
Bosnia y Herzegovina
Bosnia and Herzegovina
89.8%
Eslovenia
Slovenia
89.8%
country in Castilian/Spanish
country in English
% Correct
Islandia
Iceland
89.8%
Luxemburgo
Luxembourg
89.8%
Macedonia
Macedonia
89.8%
Malta
Malta
89.8%
Moldova
Moldova
89.8%
Mónaco
Monaco
89.8%
Montenegro
Montenegro
89.8%
Eslovaquia
Slovakia
88.8%
Noruega
Norway
88.8%
Portugal
Portugal
88.8%
Rumania
Romania
88.8%
Rusia
Russia
88.8%
San Marino
San Marino
88.8%
Serbia
Serbia
88.8%
Letonia
Latvia
87.8%
República Checa
Czech Republic
87.8%
Ucrania
Ukraine
87.8%
Polonia
Poland
85.7%
Reino Unido
United Kingdom
85.7%
Suiza
Switzerland
85.7%
Suecia
Sweden
83.7%
Países Bajos
Netherlands
76.5%
Quiz Playlist
Details
Report
Send in Message
Add To Playlist
Classic:
Type in answers that appear in a list
Forced Order:
Answers have to be entered in order
Last Updated: Feb 16, 2017
Quiz Scoreboard
CHALLENGE
Sign Up to Join the Scoreboard
Show All
Scores
Hide
Comments
May contain spoilers
Recently Published
Billboard Blitz: Fleetwood Mac
by CooCooCachoo
Music
15s
Presidents Visiting Landmarks
by Hejman
History
7m
An Introduction to Baseball
by treessimontrees
Sports
5m
More to Explore
Quiz From the Vault
Featured Blog Post
Where Did the Easter Bunny Come From?
hide this ad
You Might Also Like...
Tags
Country Quiz
Europe Quiz
Spanish Quiz
English
Today's Top Quizzes in Language
Browse Language
hide this ad
Today's Top Quizzes in Europe
Browse Europe
Top Contributed Quizzes in Language
1
1-10 Letter F Words III
2
1-10 Letter G Words III
3
Order Up: Top 10 Most Native Spoken Languages
4
1-10 Letter H Words III
5
Alphabetize! : 'As' words
6
One Thing in Common: Italy
7
1-10 Letter I Words III
8
Weisst du, aus welchen Sprachen diese Wörter stammen?
9
1-10 Letter J Words III
10
Celtic Nations in their Language
Explore More
Trending Topics
NBA
Disney
Anime
Crossword
Kpop
Harry Potter
Marvel
Country
Pokémon
Soccer
Puzzle
The Office
Song
WWE
NFL
hide this ad
More By:
Sherry_t
Quiz
Plays
Rating
Category
Featured
Created
Regions of Europe
1,087
4.29
Geography
Jan 13, 2017
Names of the Spanish autonomies/regions
501
2.75
Geography
Feb 6, 2012
Girls and Billboard No. 1s
430
5.00
Music
Jan 13, 2017
Europe in Castilian/Spanish
98
3.33
Language
Feb 6, 2012
Go to Creator's Profile
Score Distribution
Quiz Creator Spotlight
Sherry_t
Follow
Send a Message
Quizzes Created
-
Created Quiz Play Count
-
More By This Creator
Popular Quizzes Today
1
Find the US States - No Outlines Minefield
2
Find the Countries of Europe - No Outlines Minefield
3
The Countries of the World
4
Find the US States
5
US States
6
Risky Map Clicking: Biggest States A-Z
7
Popular People in 1961
8
Movies - When Are They Set?
More Language Quizzes
Alphabetical Typefaces
Curator's Pick
Trending Quizzes
Risky Map Clicking: Least Populous States A-Z
1-10 Letter G Words
1-10 Letter F Words
Risky Map Clicking: Next State Alphabetically
Risky Map Clicking: Biggest States A-Z
Recently Updated
Leaping Animals
pecheneg
Reality TV Shows (A-Z)
bhenderson79
Rickey Henderson's Hall of Fame Teammates
pecheneg
Champions League XIs: Arsenal
pecheneg
Quick Pick: Celebrities in WWE's Hall of Fame
aduchscher
A-Z Keypad Blitz II
pecheneg
Multiple Oscar Actors
pecheneg
Mystery Phrase Blitz: Oscar 'Best Actors'
pecheneg
F. Scott Fitzgerald Novels
LTH
Pick 3 Villains
ddd62291
Trending Topics
Marvel
Disney
Crossword
Harry Potter
Kpop
NBA
Anime
NFL
Pokémon
Puzzle
Country
Song
WWE
Soccer
The Office
Your Account Isn't Verified!
In order to create a playlist on Sporcle, you need to verify the email address you used during registration. Go to your
Sporcle Settings
to finish the process.
Report this User
Report this user for behavior that violates our
Community Guidelines
.
Details:
Send Report
Go to the Sporcle.com Mobile Site →
Comments